000 02102cam a2200553 i 4500
001 1775
003 KOSZ 005
005 20250723123829.0
008 250723s1982 pl a f 001 0 pol
015 _aUWD 1982/5502
020 _a8320403405
035 _a991012088509705066
035 _a(PL-WaBN)b13276426-48omnis_nlop
035 _ab13276426
035 _a(OCoLC)750529422
035 _axx001601491
035 _a(PL)b0000001327642
035 _a(EXLNZ-48OMNIS_NETWORK)9910132231905606
040 _aWA N
_cWA N
_dKOSZ 005/RW
041 0 _apol
_beng
_bfre
_bger
_brus
046 _k1977
080 _a621.01
080 _a(07)
245 0 0 _aTechnologiczność konstrukcji maszyn /
_cMichał Skarbiński, Jerzy Skarbiński.
250 _aWydanie 2 rozszerzone
260 _aWarszawa :
_bWydawnictwa Naukowo-Techniczne,
_c1982.
300 _a431, [5] stron :
_bilustracje ;
_c25 cm.
336 _aTekst
_btxt
_2rdacontent
337 _aBez urządzenia pośredniczącego
_bn
_2rdamedia
338 _aWolumin
_bnc
_2rdacarrier
380 _aKsiążki
380 _aPublikacje dydaktyczne
385 _mPoziom nauczania
_aSzkoły wyższe
388 1 _a1901-2000
388 1 _a1945-1989
500 _aWydanie 1 pod hasłem : Skarbiński Michał.
504 _aBibliografia na stronach [421]-424. Indeks.
521 8 _aKsiążka jest przeznaczona głownie dla magistrów inżynierów konstruktorów i technologów oraz studentów wydziałów mechanicznych Politechnik ze szczególnym uwzględnieniem studiów podyplomowych.
546 _aStreszczenia w języku angielskim, francuskim, niemieckim i rosyjskim.
650 7 _aKonstrukcje maszyn i urządzeń
_2DBN
655 7 _aPodręcznik
658 _aInżynieria i technika
700 1 _aSkarbiński, Jerzy
_eAutor
700 1 _aSkarbiński, Michał
_d(1903-1997)
_eAutor
710 2 _aWydawnictwa Naukowo-Techniczne
_4pbl
856 _uhttps://koha.tu.koszalin.pl/cgi-bin/koha/opac-detail.pl?biblionumber=1775
_yKatalog online BPK
942 _2UKD
_cKS
999 _c1775
_d1775